Cây dứa
Na minha lista:
| Autor principal: | |
|---|---|
| Formato: | Livro |
| Idioma: | Undetermined |
| Publicado em: |
Hà Nội
Nông thôn
1973
|
| Assuntos: | |
| Tags: |
Adicionar Tag
Sem tags, seja o primeiro a adicionar uma tag!
|
| Thư viện lưu trữ: | Trung tâm Học liệu Trường Đại học Cần Thơ |
|---|
| LEADER | 00445nam a2200169Ia 4500 | ||
|---|---|---|---|
| 001 | CTU_13266 | ||
| 008 | 210402s9999 xx 000 0 und d | ||
| 082 | |a 634.774 | ||
| 082 | |b P995 | ||
| 100 | |a Claude Py | ||
| 245 | 0 | |a Cây dứa | |
| 245 | 0 | |c Claude Py, M A Tisseau | |
| 260 | |a Hà Nội | ||
| 260 | |b Nông thôn | ||
| 260 | |c 1973 | ||
| 650 | |a pineapple,tropical fruit | ||
| 980 | |a Trung tâm Học liệu Trường Đại học Cần Thơ | ||